000 00416nam a2200133Ia 4500
008 220217s9999||||xx |||||||||||||| ||und||
020 _a978-81-7758-260-4
082 _a658.421 CHA
100 _aCharantimath, Poornima, M
245 0 _aEntrepreneurship development small buisiness enterprises
260 _aPearson education of asia
_bNew Delhi
_c2008
300 _b275
650 _aENTREPRENEURIAL MANAGEMENT
999 _c177533
_d177533